<?xml version="1.0" encoding="UTF-8"?><?xml-stylesheet type="text/xsl" href="static/style.xsl"?><OAI-PMH xmlns="http://www.openarchives.org/OAI/2.0/" xmlns:xsi="http://www.w3.org/2001/XMLSchema-instance" xsi:schemaLocation="http://www.openarchives.org/OAI/2.0/ http://www.openarchives.org/OAI/2.0/OAI-PMH.xsd"><responseDate>2026-06-30T04:06:46Z</responseDate><request verb="GetRecord" identifier="oai:repisalud.isciii.es:20.500.12105/11261" metadataPrefix="marc">https://repisalud.isciii.es/rest/oai/request</request><GetRecord><record><header><identifier>oai:repisalud.isciii.es:20.500.12105/11261</identifier><datestamp>2024-09-27T08:23:52Z</datestamp><setSpec>com_20.500.12105_19604</setSpec><setSpec>com_20.500.12105_2051</setSpec><setSpec>col_20.500.12105_19605</setSpec></header><metadata><record xmlns="http://www.loc.gov/MARC21/slim" xmlns:dcterms="http://purl.org/dc/terms/" xmlns:doc="http://www.lyncode.com/xoai" xmlns:xsi="http://www.w3.org/2001/XMLSchema-instance" xsi:schemaLocation="http://www.loc.gov/MARC21/slim http://www.loc.gov/standards/marcxml/schema/MARC21slim.xsd">
   <leader>00925njm 22002777a 4500</leader>
   <datafield ind2=" " ind1=" " tag="042">
      <subfield code="a">dc</subfield>
   </datafield>
   <datafield ind2=" " ind1=" " tag="720">
      <subfield code="a">Zeymer, Uwe</subfield>
      <subfield code="e">author</subfield>
   </datafield>
   <datafield ind2=" " ind1=" " tag="720">
      <subfield code="a">Annemans, Lieven</subfield>
      <subfield code="e">author</subfield>
   </datafield>
   <datafield ind2=" " ind1=" " tag="720">
      <subfield code="a">Danchin, Nicolas</subfield>
      <subfield code="e">author</subfield>
   </datafield>
   <datafield ind2=" " ind1=" " tag="720">
      <subfield code="a">Pocock, Stuart</subfield>
      <subfield code="e">author</subfield>
   </datafield>
   <datafield ind2=" " ind1=" " tag="720">
      <subfield code="a">Newsome, Simon</subfield>
      <subfield code="e">author</subfield>
   </datafield>
   <datafield ind2=" " ind1=" " tag="720">
      <subfield code="a">Van de Werf, Frans</subfield>
      <subfield code="e">author</subfield>
   </datafield>
   <datafield ind2=" " ind1=" " tag="720">
      <subfield code="a">Medina, Jesús</subfield>
      <subfield code="e">author</subfield>
   </datafield>
   <datafield ind2=" " ind1=" " tag="720">
      <subfield code="a">Bueno, Hector</subfield>
      <subfield code="e">author</subfield>
   </datafield>
   <datafield ind2=" " ind1=" " tag="260">
      <subfield code="c">2019-03</subfield>
   </datafield>
   <datafield ind2=" " ind1=" " tag="520">
      <subfield code="a">Atrial fibrillation (AF) is associated with increased morbidity in acute coronary syndrome patients, but impact on outcomes beyond 1 year is unclear.&#xd;
This was a post-hoc analysis from the long-tErm follow-uP of antithrombotic management patterns In acute CORonary syndrome patients (EPICOR) registry (NCT01171404), a prospective, observational study conducted in Europe and Latin America, which enrolled acute coronary syndrome survivors at discharge. Antithrombotic management patterns, mortality, a composite endpoint of death/new non-fatal myocardial infarction/stroke and bleeding events were assessed after 2 years of follow-up in patients with or without AF.&#xd;
Of 10,568 patients enrolled, 397 (4.7%) had prior AF and 382 (3.6%) new-onset AF during index hospitalisation. Fewer patients with AF underwent percutaneous coronary intervention (52.1% vs. 66.6%; P&lt;0.0001). At discharge, fewer AF patients received dual antiplatelet therapy (71.6% vs. 89.5%; P&lt;0.0001); oral anticoagulant use was higher in AF patients but was still infrequent (35.0% vs. 2.5%; P&lt;0.0001). Use of dual antiplatelet therapy and oral anticoagulants declined over follow-up with over 50% of all AF/no AF patients remaining on dual antiplatelet therapy (55.6% vs. 60.6%), and 23.3% (new-onset AF) to 42.1% (prior AF) on oral anticoagulants at 2 years. At 2 years, mortality, composite endpoint and bleeding rates were higher in AF patients (all P&lt;0.0001) compared to patients without AF. On multivariable analysis, the risk of mortality or the composite endpoint was significant for prior AF ( P=0.003, P=0.001) but not new-onset AF ( P=0.88, P=0.92).&#xd;
Acute coronary syndrome patients with AF represent a high-risk group with increased event rates during long-term follow-up. Prior AF is an independent predictor of mortality and/or ischaemic events at 2 years. Use of anticoagulants in AF after acute coronary syndrome is still suboptimal.</subfield>
   </datafield>
   <datafield ind1="8" ind2=" " tag="024">
      <subfield code="a">Eur Heart J Acute Cardiovasc Care. 2019; 8(2):121-129</subfield>
   </datafield>
   <datafield ind1="8" ind2=" " tag="024">
      <subfield code="a">10.1177/2048872618769057</subfield>
   </datafield>
   <datafield ind1="8" ind2=" " tag="024">
      <subfield code="a">European heart journal. Acute cardiovascular care</subfield>
   </datafield>
   <datafield ind1="8" ind2=" " tag="024">
      <subfield code="a">29611427</subfield>
   </datafield>
   <datafield ind1="8" ind2=" " tag="024">
      <subfield code="a">http://hdl.handle.net/20.500.12105/11261</subfield>
   </datafield>
   <datafield ind2="0" ind1="0" tag="245">
      <subfield code="a">Impact of known or new-onset atrial fibrillation on 2-year cardiovascular event rate in patients with acute coronary syndromes: results from the prospective EPICOR Registry.</subfield>
   </datafield>
</record></metadata></record></GetRecord></OAI-PMH>